Wien U-Bahn Stationen - Karte - Statistiken

Allgemein
  • Dieses Quiz wurde 10.673 mal gespielt
  • Das Durchschnittsergebnis liegt bei 52 aus 109
Antworten auf der Karte
Die Antworten werden auf der Karte rot bzw. grün angezeigt, abhängig davon wie oft sie richtig erraten wurden.
 
Antwortstatistiken
Linie % Korrekt
U2 Messe - Prater
79%
U1 | U3 Stephansplatz
78%
U1 | U2 | U4 Karlsplatz
75%
U1 Südtiroler Platz - Hauptbahnhof
74%
U3 | U6 Westbahnhof
73%
U3 Ottakring
72%
U4 Hütteldorf
69%
U1 | U2 Praterstern
68%
U1 | U4 Schwedenplatz
68%
U3 Simmering
68%
U6 Floridsdorf
66%
U1 Oberlaa
65%
U2 Schottentor - Universität
63%
U4 Heiligenstadt
61%
U4 Schönbrunn
61%
U2 Seestadt
61%
U3 | U4 Landstraße
60%
U2 | U4 Schottenring
60%
U2 | U3 Volkstheater
59%
U6 Siebenhirten
58%
U1 Leopoldau
57%
U3 Neubaugasse
57%
U1 Alte Donau
56%
U1 Donauinsel
56%
U1 Reumannplatz
56%
U1 Kagran
54%
U6 Michelbeuern - AKH
54%
U4 | U6 Spittelau
54%
U2 Rathaus
53%
U1 Kaisermühlen - VIC
51%
U6 Neue Donau
51%
U6 Alterlaa
50%
U6 Burggasse - Stadthalle
50%
U4 | U6 Längenfeldgasse
50%
U2 Stadion
50%
U4 Stadtpark
50%
U3 Zieglergasse
50%
U6 Handelskai
49%
U3 Herrengasse
49%
U6 Thaliastraße
48%
U3 Erdberg
47%
U4 Hietzing
47%
U4 Ober St. Veit
47%
U6 Währinger Straße - Volksoper
47%
U3 Gasometer
46%
U1 Taubstummengasse
46%
U4 Unter St. Veit
46%
U6 Alser Straße
44%
U1 Nestroyplatz
44%
U1 Kagraner Platz
43%
U4 Kettenbrückengasse
43%
U4 Pilgramgasse
43%
U3 Johnstraße
42%
U6 Josefstädter Straße
42%
U2 Krieau
42%
U2 Museumsquartier
42%
U6 Nußdorfer Straße
42%
U6 Bahnhof Meidling
41%
U4 Friedensbrücke
41%
U6 Gumpendorfer Straße
41%
U6 Jägerstraße
41%
U1 Keplerplatz
40%
U1 Vorgartenstraße
40%
U2 Donaumarina
39%
U3 Stubentor
39%
U2 Taborstraße
39%
U6 Dresdner Straße
37%
U4 Roßauer Lände
37%
U1 Altes Landgut
36%
U3 Schlachthausgasse
36%
U3 Kardinal-Nagl-Platz
35%
U4 Meidling Hauptstraße
35%
U4 Margaretengürtel
34%
U1 Neulaa
34%
U3 Rochusgasse
34%
U3 Hütteldorfer Straße
33%
U3 Enkplatz
32%
U2 Aspernstraße
31%
U2 Aspern Nord
30%
U2 Donauspital
30%
U2 Donaustadtbrücke
30%
U1 Großfeldsiedlung
30%
U3 Schweglerstraße
30%
U2 Stadlau
30%
U1 Alaudagasse
29%
U4 Braunschweiggasse
29%
U6 Niederhofstraße
29%
U1 Rennbahnweg
29%
U6 Am Schöpfwerk
28%
U3 Kendlerstraße
28%
U3 Zippererstraße
27%
U1 Troststraße
26%
U1 Aderklaaer Straße
25%
U6 Erlaaer Straße
24%
U6 Perfektastraße
24%
U6 Tscherttegasse
24%
U2 Hausfeldstraße
22%
U2 Hardeggasse
21%
Keine übereinstimmenden Quizze gefunden
Verteilung der Resultate
Anzahl Personen mit jedem Resultat
Perzentil nach korrekt beantworteten Fragen
Ihre Resultats-Entwicklung
Sie haben dieses Quiz noch nicht gespielt